Mastering Blockchain. Ed.3 (Record no. 8268)

MARC details
000 -LEADER
fixed length control field 00406nam a22001697a 4500
005 - DATE AND TIME OF LATEST TRANSACTION
control field 20240124101817.0
008 - FIXED-LENGTH DATA ELEMENTS--GENERAL INFORMATION
fixed length control field 240124b |||||||| |||| 00| 0 eng d
020 ## - INTERNATIONAL STANDARD BOOK NUMBER
International Standard Book Number 9781839213199
041 ## - LANGUAGE CODE
Language English
082 ## - DEWEY DECIMAL CLASSIFICATION NUMBER
Classification number 004 BAS
100 ## - MAIN ENTRY--PERSONAL NAME
Main Author Name Bashir, Imram
245 ## - TITLE STATEMENT
Title Mastering Blockchain. Ed.3
260 ## - PUBLICATION, DISTRIBUTION, ETC.
Place of publication Mumbai
publisher Name Packt
Date of publication 2020
300 ## - PHYSICAL DESCRIPTION
Number Of Page 788
650 ## - SUBJECT ADDED ENTRY--TOPICAL TERM
Keyword Blockchain
Subject Computer Science
942 ## - ADDED ENTRY ELEMENTS (KOHA)
Koha item type Reference Book
Holdings
Lost status Source of classification or shelving scheme Not for loan Home library Current library Date last seen Koha item type School Total Checkouts Full call number Barcode Date due Date last checked out Copy number Cost, replacement price Price effective from Withdrawn status Date acquired Source of acquisition Cost, normal purchase price Discount Bill Date Bill No Net Amount
  Dewey Decimal Classification   BGU Central Library BGU Central Library 09/03/2024 Reference Book School of Applied Sciences 1 004 BAS 12434 31/05/2024 09/03/2024 1 3295.00 24/01/2024   22/01/2024 Online (Flipkart) 3295.00   12/01/2024 82400007668 3295.00

Maintained and Designed by
2cqr automation private limited, Chennai. All Rights Reserved.

You are Visitor Number

PHP Hits Count